00303nam a2200133Ia 4500003000400000005001700004008004100021020001900062040002700081100002100108245001400129260001700143260000900160OSt20240203151337.0170523s9999 xx 000 0 und d a978-0844235981 ciimt university meerut aBENNETT- PETER D 0aMARKETING bMC GRAW HILL c1988